000 00363nam a22001577a 4500
003 MPLRDC
005 20220104114227.0
008 210129b ||||| |||| 00| 0 eng d
082 _a857.49 CXQ v.1 c.2
100 _a曹雪芹
245 _a红楼梦. 上集
_c
260 _a
_b新生出版社
_c
300 _b
650 _a
942 _cBK
_o857.49 CXQ v.1 c.2
999 _c5826
_d5816